Normal view
MARC view
- Chairman.A.R.
Entry Personal Name
001 - CONTROL NUMBER
- control field: 4536
003 - CONTROL NUMBER IDENTIFIER
- control field: OSt
005 - DATE AND TIME OF LATEST TRANSACTION
- control field: 20171127134707.0
008 - FIXED-LENGTH DATA ELEMENTS
- fixed length control field: 171127|| aca||aabn | a|a d
040 ## - CATALOGING SOURCE
- Original cataloging agency: OSt
- Transcribing agency: OSt
100 ## - HEADING--PERSONAL NAME
- Personal name: Chairman.A.R.
670 ## - SOURCE DATA FOUND
- Source citation: Work cat.: (OSt): Chairman.A.R., Positioning, 1982